Edipo rey / (Record no. 179475)

MARC details
000 -LEADER
campo de control de longitud fija 00892nam a2200253 i 4500
001 - NÚMERO DE CONTROL
campo de control 179475
003 - IDENTIFICADOR DE NÚMERO DE CONTROL
campo de control ES-MaACL
005 - FECHA Y HORA DE LA ÚLTIMA TRANSACCIÓN
campo de control 20250701051434.0
008 - DATOS DE LONGITUD FIJA--INFORMACIÓN GENERAL
campo de control de longitud fija 111207e1944 sp |||| | spa d
080 ## - NÚMERO DE LA CLASIFICACIÓN DECIMAL UNIVERSAL
Número de la Clasificación Decimal Universal 875-21"-04"
100 0# - ENTRADA PRINCIPAL--NOMBRE DE PERSONA
Nombre de persona Sófocles.
Término indicativo de función/relación Autor
9 (RLIN) 107023
245 10 - MENCIÓN DEL TÍTULO
Título Edipo rey /
Mención de responsabilidad, etc. Sófocles ; notas y adaptación por el P. Miguel Balagué.
260 ## - PUBLICACIÓN, DISTRIBUCIÓN, ETC.
Lugar de publicación, distribución, etc. Madrid :
Nombre del editor, distribuidor, etc. Compañía Bibliográfica Española,
Fecha de publicación, distribución, etc. 1944.
300 ## - DESCRIPCIÓN FÍSICA
Extensión 98 páginas ;
Dimensiones 17 cm.
490 1# - MENCIÓN DE SERIE
Mención de serie Ebe de clásicos griegos escolares
546 ## - NOTA DE IDIOMA
Nota de lengua/lenguaje Texto en griego.
650 04 - PUNTO DE ACCESO ADICIONAL DE MATERIA--TÉRMINO DE MATERIA
Término de materia o nombre geográfico como elemento de entrada Lengua griega-
Subdivisión de forma Textos.
9 (RLIN) 14250
700 1# - ENTRADA AGREGADA--NOMBRE PERSONAL
Nombre de persona Balagué, Miguel.
9 (RLIN) 24798
Término indicativo de función/relación Editor literario
710 2# - ENTRADA AGREGADA--NOMBRE DE ENTIDAD CORPORATIVA
Nombre de entidad corporativa o nombre de jurisdicción como elemento de entrada Compañía Bibliográfica Española.
Término indicativo de función/relación Editor
9 (RLIN) 171207
830 #0 - PUNTO DE ACCESO ADICIONAL DE SERIE-TÍTULO UNIFORME
Título uniforme Ebe de clásicos griegos escolares
9 (RLIN) 181486
852 ## - LOCALIZACIÓN
Ubicación ES-MaACL
Ubicación en estantería Depósito folletos
Donativo/Legado Donat. Miguel A. Velasco
Número de control de estantería 2308-F-8
942 ## - ELEMENTOS DE ENTRADA SECUNDARIOS (KOHA)
Fuente del sistema de clasificación o colocación Clasificación decimal universal
Tipo de ítem Koha Folleto
Suprimir en OPAC No
Holdings
Estatus retirado Estado de pérdida Fuente del sistema de clasificación o colocación Estado de daño No para préstamo Colección Biblioteca de origen Biblioteca actual Ubicación en estantería Fecha de adquisición Fuente de adquisición Total de préstamos Signatura topográfica completa Código de barras Visto por última vez Tipo de ítem Koha
    Clasificación decimal universal     Colección de folletos Biblioteca del Ateneo de Madrid Biblioteca del Ateneo de Madrid Depósito folletos 07/12/2011 Donación   2308-F-8 1188545 23/02/2023 Folleto